000 00593nam a22001817a 4500
003 UA-OsUOA
001 7268
007 ta
008 20040608b un ||||| |||| 00| 0 ukr d
100 _aКошара Н.
942 _cSA
040 _aUA-OsUOA
_cUA-OsUOA
_dUA-OsUOA
245 _aЛітературна мова - становий хребет нації
_cН. Кошара; В. Микульський; Віктор Баранов
300 _aС.4
955 _a0
773 0 _w0
_tЛітературна Украіна
_dКиїв
_d2004
_g№21
650 7 _aУкраїнська мова
_2UDC
999 _c293429
_d293429